| 000 | 01013nam a2200301 a 4500 | ||
|---|---|---|---|
| 001 | C01472181c-9 | ||
| 003 | CO-ViMGA | ||
| 005 | 20230915233134.0 | ||
| 008 | 150213s2014 ck gr 0001p spa d | ||
| 020 | _a9789588545851 | ||
| 040 |
_aCO-ViMGA _bspa _cCO-ViMGA |
||
| 043 | _as-ck--- | ||
| 090 | _aC ZULL | ||
| 100 | 1 |
_aZuleta Ortíz, José, _d1960- _93542 |
|
| 240 | 1 | 0 | _aBogotá-Bibliografía regional |
| 245 | 1 | 0 |
_aLadrón de olvidos y otros relatos : _bantología / _cJosé Zuleta Ortiz. |
| 250 | _a Edicin̤ especial para El Ministerio de Cultura, Biblioteca Nacional de Colombia | ||
| 260 |
_aBogotá : _bTaller de Edición-Rocca, _c2014. |
||
| 300 |
_a256 páginas ; _c24 cm. |
||
| 490 | 1 | _aTaller de Edición Rocca. Cuento | |
| 650 | 1 | 4 |
_aAlimentos _v Cuentos. _93543 |
| 650 | 1 | 4 |
_aAgua _v Cuentos. _92533 |
| 650 | 1 | 4 |
_aAmistad _v Cuentos. _93545 |
| 650 | 1 | 4 |
_aCuentos colombianos. _931 |
| 650 | 1 | 4 |
_aLadrones _v Cuentos. _93544 |
| 650 | 1 | 4 |
_aVida cotidiana _v Cuentos. _92206 |
| 942 |
_2ddc _cBK |
||
| 999 |
_c4015 _d4015 |
||